| 000 | 00899nam a2200217 a 4500 | ||
|---|---|---|---|
| 005 | 20210219160022.0 | ||
| 008 | 080613s1982 mx r 000 0 spa d | ||
| 020 | _a9231020005 | ||
| 035 | _aUPN01000156863 | ||
| 049 | _aUNE | ||
| 080 | _aOC 624 (07) (7/8) =20 HER. | ||
| 100 | 1 | _aHermosilla B., Carlos | |
| 245 | 1 | 0 |
_aManual: training of engineering technicians, area : _bcivil engineering / _cby Carlos Hermosilla B. |
| 260 |
_aMontevideo : _bRegional Office for Science and Technology for Latin America and the Caribbean, _c1982. |
||
| 300 | _a74 p. | ||
| 690 | _aAmerica Latina - Formación de ingenieros - Ingenieria civil | ||
| 690 | _aIngenieria civil - Formacion de ingenieros - America Latina | ||
| 690 | _aFormación de ingenieros - America Latina | ||
| 710 | 2 |
_aROSTLAC. _bOficina Regional de Ciencia y Tecnología de la UNESCO para América Latina y el Caribe |
|
| 905 | _aUNESCO | ||
| 999 |
_c128977 _d128977 |
||